000
00234as aa2200109a 44500
090
_a
SERIADAS
_b
01543
245
1
0
_a
Procuenca en Marcha
260
_b
PROCUENCA
_a
Colombia
310
_a
IRREGULAR
041
0
_a
EspaƱol
942
_c
REVISTA
999
_c
17305
_d
17305